[Event "GRE-chT 50th"]
[Site "Nikaia"]
[Date "2023.08.26"]
[Round "2.1"]
[White "Milonakis, Georgios"]
[Black "Hristodoulou, Panagiotis"]
[Result "1/2-1/2"]
[WhiteElo "2167"]
[BlackElo "2358"]
[PlyCount "86"]
[EventDate "2023.08.25"]
[EventType "team"]
[EventRounds "9"]
[EventCountry "GRE"]
[SourceTitle "EXT 2024"]
[Source "ChessBase"]
[SourceDate "2023.10.10"]
[SourceVersion "1"]
[SourceVersionDate "2023.10.10"]
[SourceQuality "1"]
[WhiteTeam "Kidon Hanion"]
[BlackTeam "OPHI"]
[WhiteTeamCountry "GRE"]
[BlackTeamCountry "GRE"]

1. c4 c5 2. Nc3 Nc6 3. g3 g6 4. Bg2 Bg7 5. e3 e5 6. Nge2 d6 7. Nd5 Nge7 8. Nec3 0-0 9. 0-0 Be6 10. a3 Qd7 11. Rb1 Bh3 12. b4 Bxg2 13. Kxg2 Nxd5 14. Nxd5 f5 15. f4 Ne7 16. Nxe7+ Qxe7 17. Bb2 Rac8 18. d3 Rfd8 19. Qf3 d5 20. fxe5 dxc4 21. bxc5 cxd3 22. Bd4 Bxe5 23. Rxb7 Rc7 24. Rb4 Qe6 25. Rd1 Bxd4 26. exd4 a5 27. Rb6 Qe2+ 28. Qxe2 dxe2 29. Re1 Rxd4 30. Rxe2 Rc4 31. c6 R4xc6 32. Rxc6 Rxc6 33. Re5 Ra6 34. Re7 Rd6 35. Ra7 Rd2+ 36. Kg1 Ra2 37. Rxa5 Kg7 38. Ra7+ Kh6 39. a4 g5 40. h3 Kg6 41. Ra6+ Kg7 42. Ra7+ Kf6 43. Rxh7 Rxa4 1/2-1/2

[Event "GRE-chT 49th"]
[Site "Thessaloniki"]
[Date "2022.08.16"]
[Round "6.7"]
[White "Milonakis, Georgios"]
[Black "Karousos Theodorakis, Nikolaos"]
[Result "0-1"]
[WhiteElo "2256"]
[BlackElo "2258"]
[PlyCount "88"]
[EventDate "2022.08.12"]
[EventType "team-swiss"]
[EventRounds "7"]
[EventCountry "GRE"]
[SourceTitle "CBM 209 Extra"]
[Source "ChessBase"]
[SourceDate "2022.09.30"]
[SourceVersion "1"]
[SourceVersionDate "2022.09.30"]
[SourceQuality "1"]
[WhiteTeam "Chania Kethon"]
[BlackTeam "Erakleioe Attikes"]
[WhiteTeamCountry "GRE"]
[BlackTeamCountry "GRE"]

1. Nf3 Nf6 2. c4 g6 3. g3 Bg7 4. Bg2 0-0 5. 0-0 d5 6. cxd5 Nxd5 7. d4 Nc6 8. Nc3 Nb6 9. e3 Re8 10. Re1 a5 11. Qe2 Bg4 12. h3 Be6 13. Nd2 Nb4 14. Rd1 Qc8 15. Kh2 c5 16. Nb3 Bc4 17. Qf3 cxd4 18. Nxd4 e5 19. Ndb5 e4 20. Nxe4 Bxb5 21. Nd6 Qd7 22. Nxe8 Qxe8 23. Qxb7 Rb8 24. Qe4 Qxe4 25. Bxe4 Ba4 26. Rd2 Nc4 27. Re2 Bd1 28. Re1 Bc2 29. a3 Bxe4 30. axb4 axb4 31. Ra2 Ne5 32. Rd1 Nf3+ 33. Kg2 Nd2+ 34. Kg1 Nb3 35. f3 Bxf3 36. Rf1 Be4 37. Ra4 Bc2 38. Ra7 Nxc1 39. Rxc1 b3 40. Rf1 f5 41. Rc7 Bxb2 42. Rf2 Be5 43. Rcxc2 bxc2 44. Rxc2 Bxg3 0-1

[Event "Paleochora op 15th"]
[Site "Paleochora"]
[Date "2022.07.24"]
[Round "9"]
[White "Pap, Misa"]
[Black "Milonakis, Georgios"]
[Result "1/2-1/2"]
[WhiteElo "2375"]
[BlackElo "2256"]
[PlyCount "100"]
[EventDate "2022.07.17"]
[EventType "swiss"]
[EventRounds "9"]
[EventCountry "GRE"]
[SourceTitle "CBM 209 Extra"]
[Source "ChessBase"]
[SourceDate "2022.09.30"]
[SourceVersion "1"]
[SourceVersionDate "2022.09.30"]
[SourceQuality "1"]

1. e4 e5 2. Nf3 Nc6 3. Bb5 a6 4. Ba4 Nf6 5. 0-0 Be7 6. Re1 b5 7. Bb3 d6 8. c3 0-0 9. h3 Na5 10. Bc2 c5 11. d4 Qc7 12. Nbd2 cxd4 13. cxd4 Bd7 14. Bd3 Rac8 15. a3 Rfe8 16. Rb1 exd4 17. Nxd4 Nc6 18. N2f3 d5 19. e5 Ne4 20. Bf4 Qb7 21. Qe2 Nxd4 22. Nxd4 Qb6 23. Bxe4 Qxd4 24. Rbd1 Qxe4 25. Qxe4 dxe4 26. Rxd7 Rc2 27. b4 Ra2 28. Re3 f5 29. Rc3 g5 30. Rg3 h6 31. h4 Kf7 32. hxg5 hxg5 33. Bxg5 Ke6 34. Rxe7+ Rxe7 35. Bxe7 Kxe7 36. Re3 Ke6 37. f4 exf3 38. gxf3 f4 39. Re4 Rxa3 40. Kg2 Rc3 41. Rxf4 Kxe5 42. Rg4 Kf5 43. Kf2 Ra3 44. Ke2 a5 45. bxa5 Rxa5 46. Rb4 Ra2+ 47. Ke3 Ra5 48. Rb3 Ke5 49. Kd3 Kf4 50. Kd4 Ra8 1/2-1/2

[Event "Paleochora op 15th"]
[Site "Paleochora"]
[Date "2022.07.21"]
[Round "6"]
[White "Milonakis, Georgios"]
[Black "Kalogeris, Ioannis"]
[Result "1/2-1/2"]
[WhiteElo "2256"]
[BlackElo "2406"]
[PlyCount "89"]
[EventDate "2022.07.17"]
[EventType "swiss"]
[EventRounds "9"]
[EventCountry "GRE"]
[SourceTitle "CBM 209 Extra"]
[Source "ChessBase"]
[SourceDate "2022.09.30"]
[SourceVersion "1"]
[SourceVersionDate "2022.09.30"]
[SourceQuality "1"]

1. Nf3 d5 2. c4 d4 3. g3 Nc6 4. Bg2 e5 5. d3 Nf6 6. 0-0 Be7 7. b4 Nxb4 8. Nxe5 0-0 9. Nd2 Re8 10. a3 Na6 11. Nb3 Rb8 12. e3 dxe3 13. Bxe3 c5 14. f4 Qc7 15. Nd2 Bd6 16. Ne4 Nxe4 17. Bxe4 g6 18. Qf3 Be6 19. Rab1 b6 20. Bc6 Rf8 21. Bb5 Bc8 22. Ng4 Bb7 23. Nf6+ Kg7 24. Nd5 Qc8 25. Bxa6 Bxa6 26. f5 Bb7 27. f6+ Kg8 28. Bf4 Bxf4 29. Qxf4 Qh3 30. Rbe1 b5 31. Re7 bxc4 32. dxc4 Bxd5 33. cxd5 Rb2 34. Rf2 Rb1+ 35. Rf1 Rb2 36. Rf2 Rb1+ 37. Rf1 Rxf1+ 38. Qxf1 Qg4 39. Qd3 c4 40. Qe4 Qg5 41. Qe5 Qc1+ 42. Kg2 Qd2+ 43. Kg1 Qc1+ 44. Kg2 Qd2+ 45. Kg1 1/2-1/2

[Event "Paleochora op 15th"]
[Site "Paleochora"]
[Date "2022.07.18"]
[Round "3"]
[White "Kourkoulos Arditis, Stamatis"]
[Black "Milonakis, Georgios"]
[Result "1-0"]
[WhiteElo "2535"]
[BlackElo "2256"]
[PlyCount "119"]
[EventDate "2022.07.17"]
[EventType "swiss"]
[EventRounds "9"]
[EventCountry "GRE"]
[SourceTitle "CBM 209 Extra"]
[Source "ChessBase"]
[SourceDate "2022.09.30"]
[SourceVersion "1"]
[SourceVersionDate "2022.09.30"]
[SourceQuality "1"]

1. d4 Nf6 2. c4 e6 3. Nf3 d5 4. g3 Be7 5. Bg2 0-0 6. 0-0 dxc4 7. Qc2 a6 8. a4 Bd7 9. Rd1 Bc6 10. Bg5 Nbd7 11. Nbd2 h6 12. Bxf6 Nxf6 13. Nxc4 Be4 14. Qb3 a5 15. Nfe5 Bxg2 16. Kxg2 Bb4 17. Rac1 Qe7 18. Qf3 c6 19. e3 Rfd8 20. h4 Rab8 21. Nd3 Bd6 22. Nxd6 Qxd6 23. Rc5 Qc7 24. g4 Nd7 25. Rh5 Qd6 26. g5 Qd5 27. gxh6 Qxf3+ 28. Kxf3 g6 29. Rxa5 Nf6 30. Ra7 Rd5 31. Nf4 Rd7 32. Ra5 b5 33. axb5 cxb5 34. Rc1 Kh7 35. Rc5 Kxh6 36. Raxb5 Rdb7 37. Rxb7 Rxb7 38. Nd3 Nd5 39. e4 Nf6 40. b4 Rd7 41. Ne5 Rxd4 42. Nxf7+ Kg7 43. Ng5 Rxb4 44. Nxe6+ Kh6 45. Rc8 Kh7 46. Ng5+ Kg7 47. Rc7+ Kg8 48. Ra7 Rc4 49. Kf4 Nh5+ 50. Ke5 Rc2 51. f3 Rh2 52. Ra8+ Kg7 53. Ne6+ Kh7 54. Ra6 Kg8 55. Nf4 Rxh4 56. Nxg6 Rh1 57. Ne7+ Kf7 58. Ra7 Rf1 59. f4 Ng3 60. Nf5+ 1-0

[Event "Heraklion Tal Memorial 3rd"]
[Site "Heraklion"]
[Date "2022.04.30"]
[Round "6"]
[White "Sandalakis, Nikolaos"]
[Black "Milonakis, Georgios"]
[Result "0-1"]
[WhiteElo "2240"]
[BlackElo "2215"]
[PlyCount "78"]
[EventDate "2022.04.25"]
[EventType "tourn"]
[EventRounds "9"]
[EventCountry "GRE"]
[SourceTitle "CBM 208 Extra"]
[Source "ChessBase"]
[SourceDate "2022.07.31"]
[SourceVersion "1"]
[SourceVersionDate "2022.07.31"]
[SourceQuality "1"]

1. e4 e5 2. Nf3 Nc6 3. Bb5 a6 4. Ba4 Nf6 5. 0-0 Be7 6. Bxc6 dxc6 7. d3 Nd7 8. Nbd2 0-0 9. Nc4 f6 10. Nh4 Nb6 11. Ne3 g6 12. Nf3 c5 13. b3 Be6 14. Bb2 Rf7 15. c3 Bf8 16. Qc2 Rd7 17. Rad1 Qe7 18. d4 cxd4 19. cxd4 exd4 20. Nxd4 Bf7 21. Ne2 Rxd1 22. Rxd1 Bg7 23. Qd3 Re8 24. Ng3 Be6 25. h4 c6 26. h5 Nd7 27. Qc2 Ne5 28. Bxe5 fxe5 29. Rd3 Rd8 30. Nc4 Rd4 31. Rxd4 exd4 32. hxg6 hxg6 33. Qe2 Qg5 34. Nb2 c5 35. Nd3 b5 36. e5 c4 37. Nc5 d3 38. Qe4 d2 39. Qd4 Bxe5 0-1

[Event "Heraklion Tal Memorial 3rd"]
[Site "Heraklion"]
[Date "2022.04.28"]
[Round "4"]
[White "Kotsinis, Alexandros"]
[Black "Milonakis, Georgios"]
[Result "0-1"]
[WhiteElo "2055"]
[BlackElo "2215"]
[PlyCount "60"]
[EventDate "2022.04.25"]
[EventType "tourn"]
[EventRounds "9"]
[EventCountry "GRE"]
[SourceTitle "CBM 208 Extra"]
[Source "ChessBase"]
[SourceDate "2022.07.31"]
[SourceVersion "1"]
[SourceVersionDate "2022.07.31"]
[SourceQuality "1"]

1. d4 d5 2. c4 e6 3. Nf3 Nf6 4. g3 Be7 5. Bg2 0-0 6. Qc2 dxc4 7. Qxc4 b6 8. Ne5 Nd5 9. 0-0 Ba6 10. Qc2 Bb7 11. a3 c5 12. e4 Nf6 13. dxc5 Qc7 14. Nc4 Qxc5 15. b4 Qh5 16. Nbd2 Nbd7 17. Bb2 Rac8 18. Qb3 b5 19. Ne3 Rfd8 20. Rfd1 Ne5 21. Bxe5 Qxe5 22. f4 Qc3 23. e5 Bxg2 24. Qxc3 Rxc3 25. exf6 Bxf6 26. Nxg2 Rcd3 27. Rac1 Rxd2 28. Rxd2 Rxd2 29. Ne3 h5 30. Rc2 Bd4 0-1

[Event "Heraklion Tal Memorial 3rd"]
[Site "Heraklion"]
[Date "2022.04.27"]
[Round "3"]
[White "Peng, Li Min"]
[Black "Milonakis, Georgios"]
[Result "1/2-1/2"]
[WhiteElo "2517"]
[BlackElo "2215"]
[PlyCount "107"]
[EventDate "2022.04.25"]
[EventType "tourn"]
[EventRounds "9"]
[EventCountry "GRE"]
[SourceTitle "CBM 208 Extra"]
[Source "ChessBase"]
[SourceDate "2022.07.31"]
[SourceVersion "1"]
[SourceVersionDate "2022.07.31"]
[SourceQuality "1"]

1. d4 Nf6 2. c4 e6 3. Nc3 d5 4. cxd5 exd5 5. Bg5 Be7 6. e3 c6 7. Bd3 Nbd7 8. Nge2 Nh5 9. Bxe7 Qxe7 10. Qd2 Nb6 11. 0-0 0-0 12. f3 Nc4 13. Bxc4 dxc4 14. g4 Nf6 15. Ng3 b5 16. e4 Rd8 17. Rad1 g6 18. e5 Ne8 19. Nce4 Be6 20. Qf4 Qh4 21. Rf2 Rd5 22. Nf1 b4 23. Ne3 Ra5 24. Ng5 Nc7 25. Ng2 Nd5 26. Qc1 Qh6 27. f4 Bxg4 28. Re1 c3 29. bxc3 Nxc3 30. Ne3 Bd7 31. Nc4 Rd5 32. Qe3 Re8 33. a3 a5 34. Nb6 f6 35. Nf3 fxe5 36. Nxe5 Rd6 37. d5 Bf5 38. Qc5 Rdd8 39. dxc6 Qh4 40. c7 Rd2 41. Ref1 Rxf2 42. Rxf2 Ne4 43. Qd5+ Kg7 44. Rf1 Qf6 45. c8N Nc3 46. Nd6 Rd8 47. Qb7+ Kg8 48. Ndf7 Be4 49. Nbd7 Ne2+ 50. Kf2 Qh4+ 51. Kxe2 Qf6 52. Kf2 Qxf4+ 53. Ke2 Qxh2+ 54. Rf2 1/2-1/2

[Event "Heraklion Tal Memorial 3rd"]
[Site "Heraklion"]
[Date "2022.04.26"]
[Round "2"]
[White "Milonakis, Georgios"]
[Black "Langrock, Hannes"]
[Result "1-0"]
[WhiteElo "2215"]
[BlackElo "2351"]
[PlyCount "107"]
[EventDate "2022.04.25"]
[EventType "tourn"]
[EventRounds "9"]
[EventCountry "GRE"]
[SourceTitle "CBM 208 Extra"]
[Source "ChessBase"]
[SourceDate "2022.07.31"]
[SourceVersion "1"]
[SourceVersionDate "2022.07.31"]
[SourceQuality "1"]

1. Nf3 d5 2. g3 Bg4 3. Ne5 Bf5 4. Bg2 Nd7 5. d4 c6 6. 0-0 Ngf6 7. c4 e6 8. Nxd7 Qxd7 9. b3 Be7 10. Nd2 0-0 11. Bb2 b5 12. c5 a5 13. Kh1 h6 14. f3 Bh7 15. e4 dxe4 16. fxe4 e5 17. d5 cxd5 18. Bxe5 Ng4 19. Bd4 dxe4 20. Nxe4 Rad8 21. Bg1 Ne5 22. Qe2 Qd3 23. Qxd3 Nxd3 24. c6 Rc8 25. Rad1 Nb4 26. Nd6 Rcd8 27. Nf5 Bxf5 28. Rxd8 Rxd8 29. Rxf5 Rc8 30. Rxb5 Nxc6 31. Bxc6 Rxc6 32. Rxa5 Rc3 33. Ra8+ Kh7 34. Ra7 Bf6 35. Rxf7 Kg6 36. Rd7 Rc2 37. a4 Ra2 38. Rd3 Kf5 39. Bb6 Kg4 40. Bd4 Kh3 41. Bxf6 gxf6 42. Kg1 h5 43. Rd4 Rg2+ 44. Kf1 Kxh2 45. a5 Rg1+ 46. Ke2 Rg2+ 47. Kd3 Rxg3+ 48. Kc4 Rg5 49. b4 Kg3 50. a6 h4 51. a7 Rg8 52. b5 h3 53. b6 h2 54. Rd1 1-0

[Event "GRE-chT Online Rapid op 1st"]
[Site "Tornelo INT"]
[Date "2021.02.21"]
[Round "9.3"]
[White "Milonakis, Georgios"]
[Black "Kouskoutis, Georgios Alexandros"]
[Result "1/2-1/2"]
[WhiteElo "2204"]
[BlackElo "2231"]
[PlyCount "88"]
[EventDate "2021.02.20"]
[EventType "team-swiss (rapid)"]
[EventRounds "9"]
[EventCountry "GRE"]
[SourceTitle "EXT 2023"]
[Source "ChessBase"]
[SourceDate "2022.10.05"]
[SourceVersion "1"]
[SourceVersionDate "2022.10.05"]
[SourceQuality "1"]

1. Nf3 d5 2. d4 Nf6 3. c4 c6 4. cxd5 cxd5 5. Nc3 Nc6 6. Bf4 e6 7. h3 a6 8. e3 b5 9. Rc1 Bd7 10. Bd3 Be7 11. 0-0 0-0 12. Bb1 Qb6 13. Ne5 Rfc8 14. Bg5 Qd8 15. Bxf6 Bxf6 16. Bxh7+ Kf8 17. Nxc6 Bxc6 18. Bd3 Ra7 19. f4 g6 20. Nb1 Qb6 21. Kh1 b4 22. Nd2 Rac7 23. Nf3 Bb5 24. Rxc7 Qxc7 25. Ne5 Bxe5 26. fxe5 Bxd3 27. Qxd3 Qc4 28. Qd1 Qc2 29. Qf3 Qf5 30. Qe2 Qg5 31. Qd2 a5 32. Kh2 Kg7 33. Rf4 Qe7 34. Rf1 Qd7 35. Qf2 Qe7 36. Re1 a4 37. Qd2 Qb7 38. Rc1 Rxc1 39. Qxc1 b3 40. axb3 Qxb3 41. Kg3 Qc4 42. Qd2 Qa2 43. Qb4 Qa1 44. Qc3 Qd1 1/2-1/2

[Event "GRE-chT Online Rapid op 1st"]
[Site "Tornelo INT"]
[Date "2021.02.21"]
[Round "8.6"]
[White "Milonakis, Georgios"]
[Black "Pavlis, Antonios"]
[Result "1-0"]
[WhiteElo "2204"]
[BlackElo "1652"]
[PlyCount "79"]
[EventDate "2021.02.20"]
[EventType "team-swiss (rapid)"]
[EventRounds "9"]
[EventCountry "GRE"]
[SourceTitle "EXT 2023"]
[Source "ChessBase"]
[SourceDate "2022.10.05"]
[SourceVersion "1"]
[SourceVersionDate "2022.10.05"]
[SourceQuality "1"]

1. Nf3 d5 2. d4 c6 3. c4 Nf6 4. cxd5 cxd5 5. Nc3 g6 6. Bf4 Bg7 7. h3 0-0 8. e3 Bf5 9. Be2 Nc6 10. 0-0 a6 11. Rc1 h5 12. Ne5 Rc8 13. Qb3 Na5 14. Qb4 Nc6 15. Qxb7 Nxe5 16. Bxe5 Ne4 17. Nxd5 Bxe5 18. Nxe7+ Kh7 19. Rxc8 Bxc8 20. Qxe4 Qxe7 21. Qxe5 Qb4 22. Qc5 Qxc5 23. dxc5 Rd8 24. Rd1 Re8 25. b4 h4 26. a4 Re5 27. Bf3 a5 28. Rd5 Rxd5 29. Bxd5 axb4 30. Bxf7 Kg7 31. Bc4 Kf6 32. Kf1 Be6 33. Bxe6 Kxe6 34. Ke2 Kd5 35. Kd3 Kxc5 36. Kc2 Kc4 37. e4 g5 38. e5 Kd5 39. Kb3 Kxe5 40. Kxb4 1-0

[Event "GRE-chT Online Rapid op 1st"]
[Site "Tornelo INT"]
[Date "2021.02.21"]
[Round "5.17"]
[White "Tzamtzis, Konstantinos"]
[Black "Milonakis, Georgios"]
[Result "0-1"]
[WhiteElo "1763"]
[BlackElo "2204"]
[PlyCount "140"]
[EventDate "2021.02.20"]
[EventType "team-swiss (rapid)"]
[EventRounds "9"]
[EventCountry "GRE"]
[SourceTitle "EXT 2023"]
[Source "ChessBase"]
[SourceDate "2022.10.05"]
[SourceVersion "1"]
[SourceVersionDate "2022.10.05"]
[SourceQuality "1"]

1. e4 e5 2. Nf3 Nc6 3. Bb5 a6 4. Ba4 Nf6 5. 0-0 Be7 6. Re1 b5 7. Bb3 d6 8. c3 0-0 9. d4 Bg4 10. Be3 exd4 11. cxd4 d5 12. e5 Ne4 13. h3 Bh5 14. Nc3 Nxc3 15. bxc3 Na5 16. Bc2 Nc4 17. Qb1 Bg6 18. Bf5 c6 19. Qd3 Bxf5 20. Qxf5 Qc8 21. Qh5 Qe6 22. a4 Rfe8 23. Re2 Qg6 24. Qxg6 hxg6 25. Rea2 b4 26. cxb4 Bxb4 27. Bd2 Nxd2 28. Nxd2 Bc3 29. Rc1 Bxd4 30. Nf3 Bxe5 31. Nxe5 Rxe5 32. Rxc6 Re6 33. Rc5 Rd8 34. Rd2 Re1+ 35. Kh2 Ra1 36. Rd4 f6 37. a5 Kf7 38. Rcxd5 Rxd5 39. Rxd5 Ke6 40. Rc5 Kd6 41. Rc8 Rxa5 42. Rg8 Ke6 43. Rxg7 g5 44. Ra7 Kf5 45. g3 Ra2 46. Kg2 Ra1 47. h4 a5 48. f3 gxh4 49. gxh4 Kf4 50. h5 Ra2+ 51. Kh3 Kg5 52. h6 Kxh6 53. Kg4 Kg6 54. Ra6 Ra1 55. f4 Ra4 56. Kg3 Kf5 57. Ra7 Ra3+ 58. Kh4 Kxf4 59. Ra6 f5 60. Ra7 Ra1 61. Kh3 Ra2 62. Ra6 Kf3 63. Rf6 f4 64. Ra6 Kf2 65. Kg4 f3 66. Rf6 Kg2 67. Rxf3 Ra4+ 68. Rf4 Rxf4+ 69. Kxf4 a4 70. Ke3 a3 0-1

[Event "Paleochora op 13th"]
[Site "Paleochora"]
[Date "2020.07.21"]
[Round "5"]
[White "Milonakis, Georgios"]
[Black "Heimann, Andreas"]
[Result "0-1"]
[WhiteElo "2203"]
[BlackElo "2633"]
[PlyCount "56"]
[EventDate "2020.07.18"]
[EventType "swiss"]
[EventRounds "9"]
[EventCountry "GRE"]
[SourceTitle "EXT 2021"]
[Source "ChessBase"]
[SourceDate "2020.10.23"]
[SourceVersion "1"]
[SourceVersionDate "2020.10.23"]
[SourceQuality "1"]

1. Nf3 d5 2. g3 Nc6 3. d4 Bf5 4. Bg2 Nb4 5. Na3 e6 6. 0-0 Be7 7. c4 c6 8. Re1 h5 9. cxd5 exd5 10. Bf4 Nf6 11. Ne5 h4 12. Nd3 hxg3 13. hxg3 Qc8 14. Bd2 a5 15. Bxb4 axb4 16. Nc2 Bd6 17. e4 dxe4 18. Nc5 Kf8 19. Nxe4 Nxe4 20. Bxe4 Bxe4 21. Rxe4 Qh3 22. Qf3 b3 23. Ne1 bxa2 24. Re2 Qh2+ 25. Kf1 Bb4 26. Qg2 Qh1+ 27. Qg1 Bxe1 28. Rexe1 Qd5 0-1

[Event "Anogia op 8th"]
[Site "Anogia"]
[Date "2019.08.21"]
[Round "5"]
[White "Mitsis, Georgios"]
[Black "Milonakis, Georgios"]
[Result "1-0"]
[WhiteElo "2392"]
[BlackElo "2231"]
[PlyCount "103"]
[EventDate "2019.08.18"]
[EventType "swiss"]
[EventRounds "9"]
[EventCountry "GRE"]
[SourceTitle "EXT 2020"]
[Source "ChessBase"]
[SourceDate "2019.10.17"]
[SourceVersion "1"]
[SourceVersionDate "2019.10.17"]
[SourceQuality "1"]

1. d4 Nf6 2. Nf3 e6 3. c4 c5 4. d5 exd5 5. cxd5 d6 6. Nc3 g6 7. Nd2 Bg7 8. e4 0-0 9. Be2 Re8 10. 0-0 a6 11. a4 Nbd7 12. Kh1 Ne5 13. Ndb1 Nfg4 14. h3 Qh4 15. Kg1 Nf6 16. f4 Ned7 17. Nd2 Nh5 18. Bxh5 gxh5 19. Nf3 Qg3 20. Ne2 Qg6 21. f5 Qf6 22. Ng3 Ne5 23. Ng5 Nc4 24. Kh1 Nxb2 25. Qxh5 h6 26. e5 Rxe5 27. N5e4 Rxe4 28. Nxe4 Qe5 29. Bxb2 Qxb2 30. f6 Bf8 31. Rae1 Qe5 32. Qd1 c4 33. a5 c3 34. Qb3 c2 35. Qxc2 Qxd5 36. Rd1 Qe5 37. Nd2 Be6 38. Qa4 d5 39. Rde1 Qg3 40. Qb3 Qg5 41. Nf3 Qxf6 42. Qxb7 Rd8 43. Ne5 Qh4 44. Ng6 Qb4 45. Qxa6 Qd6 46. Qd3 Bg7 47. Nf4 Bc8 48. Nxd5 Be6 49. Nf6+ Bxf6 50. Qxd6 Rxd6 51. Rxf6 Rd2 52. Kg1 1-0

[Event "Anogia op 8th"]
[Site "Anogia"]
[Date "2019.08.19"]
[Round "2"]
[White "Milonakis, Georgios"]
[Black "Samaridis, Konstantinos"]
[Result "1/2-1/2"]
[WhiteElo "2231"]
[BlackElo "2055"]
[PlyCount "136"]
[EventDate "2019.08.18"]
[EventType "swiss"]
[EventRounds "9"]
[EventCountry "GRE"]
[SourceTitle "EXT 2020"]
[Source "ChessBase"]
[SourceDate "2019.10.17"]
[SourceVersion "1"]
[SourceVersionDate "2019.10.17"]
[SourceQuality "1"]

1. Nf3 c5 2. c4 Nc6 3. Nc3 g6 4. g3 Bg7 5. Bg2 e5 6. d3 Nge7 7. 0-0 0-0 8. Rb1 d6 9. a3 a5 10. Bd2 h6 11. Ne1 Be6 12. Nc2 d5 13. cxd5 Nxd5 14. Ne3 Nde7 15. Nc4 Rb8 16. a4 b6 17. b3 Qd7 18. Ne4 f5 19. Nc3 Nd5 20. Nxd5 Bxd5 21. Bxd5+ Qxd5 22. Bc3 Nd4 23. Bxd4 exd4 24. Qc1 Rfe8 25. Re1 Re6 26. Nd2 Rbe8 27. Qc4 Qxc4 28. Nxc4 Bf6 29. Kf1 Bd8 30. e3 dxe3 31. Rxe3 Rxe3 32. fxe3 Bc7 33. Kf2 Kf7 34. Kf3 Ke6 35. Re1 Kd5 36. Rd1 Kc6 37. Na3 Rd8 38. d4 cxd4 39. exd4 Kd5 40. Nc4 Re8 41. Ne3+ Kc6 42. d5+ Kb7 43. Nc4 g5 44. d6 Rd8 45. Rd5 Bb8 46. Rd2 Kc6 47. Ne5+ Kc5 48. Rc2+ Kd5 49. Nc6 g4+ 50. Kf2 Rf8 51. d7 Bc7 52. d8Q+ Bxd8 53. Nxd8 f4 54. Rd2+ Ke4 55. Re2+ Kd5 56. Ne6 fxg3+ 57. Kxg3 Rf3+ 58. Kxg4 Rxb3 59. Nf4+ Kc5 60. Re4 b5 61. Re5+ Kd4 62. Rd5+ Kc4 63. Rh5 bxa4 64. Rxa5 a3 65. h4 Kc3 66. Kh5 Kb2 67. Kxh6 a2 68. Rxa2+ Kxa2 1/2-1/2

[Event "Heraklion Tal Memorial 1st"]
[Site "Heraklion"]
[Date "2019.05.06"]
[Round "8"]
[White "Milonakis, Georgios"]
[Black "Antova, Gabriela"]
[Result "0-1"]
[WhiteElo "2285"]
[BlackElo "2246"]
[PlyCount "94"]
[EventDate "2019.04.29"]
[EventType "tourn"]
[EventRounds "9"]
[EventCountry "GRE"]
[EventCategory "1"]
[SourceTitle "CBM 190 Extra"]
[Source "ChessBase"]
[SourceDate "2019.07.15"]
[SourceVersion "1"]
[SourceVersionDate "2019.07.15"]
[SourceQuality "1"]

1. e4 c5 2. Nf3 d6 3. Bc4 e6 4. 0-0 Nf6 5. d3 Nc6 6. c3 Be7 7. Bb3 0-0 8. Re1 a6 9. Nbd2 b5 10. Nf1 Bb7 11. Ng3 Rc8 12. Bc2 Ne5 13. h3 Qc7 14. Nh2 Ng6 15. Bg5 d5 16. Bxf6 Bxf6 17. Ng4 Bh4 18. e5 Bxg3 19. fxg3 d4 20. Qe2 Rfd8 21. h4 Ne7 22. h5 h6 23. Rf1 Nf5 24. Kh2 Qe7 25. Qd2 dxc3 26. bxc3 b4 27. c4 Rd4 28. Nf2 Nxg3 29. Qe3 Qh4+ 30. Nh3 Nxf1+ 31. Rxf1 Qxh5 32. Rf2 Rcd8 33. Kg1 a5 34. Nf4 Qg5 35. g3 a4 36. Rh2 b3 37. axb3 axb3 38. Bb1 Ra8 39. Rb2 Ra3 40. Kf2 Qg4 41. Ne2 Qh3 42. Ke1 Qh1+ 43. Kd2 Bf3 44. Nxd4 Qd1+ 45. Kc3 cxd4+ 46. Kxd4 Ra1 47. Rf2 Bh5 0-1

[Event "Heraklion Tal Memorial 1st"]
[Site "Heraklion"]
[Date "2019.05.04"]
[Round "6"]
[White "Milonakis, Georgios"]
[Black "Navaratnam, Rohan Shan Tze"]
[Result "0-1"]
[WhiteElo "2285"]
[BlackElo "2068"]
[PlyCount "109"]
[EventDate "2019.04.29"]
[EventType "tourn"]
[EventRounds "9"]
[EventCountry "GRE"]
[EventCategory "1"]
[SourceTitle "CBM 190 Extra"]
[Source "ChessBase"]
[SourceDate "2019.07.15"]
[SourceVersion "1"]
[SourceVersionDate "2019.07.15"]
[SourceQuality "1"]

1. Nf3 d5 2. g3 Nc6 3. Bg2 e5 4. d3 f6 5. 0-0 Be6 6. c3 h5 7. e4 Qd7 8. b4 dxe4 9. dxe4 0-0-0 10. Qa4 Kb8 11. b5 Nce7 12. Be3 Nc8 13. Nbd2 Nh6 14. Rfd1 Ng4 15. Nc4 Bd6 16. Bc5 Bxc5 17. Rxd7 Bxf2+ 18. Kf1 Bxc4+ 19. Qxc4 Ne3+ 20. Kxf2 Nxc4 21. Rxg7 N8d6 22. Re1 Nxb5 23. Bf1 Nbd6 24. Rg6 Rdf8 25. Nh4 Rhg8 26. Rh6 Nd2 27. Bd3 Rg4 28. Rxh5 N2xe4+ 29. Kf3 Rg5 30. Rh6 Nxc3 31. Kf2 Nxa2 32. Ng6 Rd8 33. h4 Rg4 34. h5 Nb4 35. Bb1 a5 36. Nh4 Nd5 37. Rh7 e4 38. h6 f5 39. Ba2 Nb4 40. Bb1 f4 41. Ng2 Rxg3 42. Rh1 Rb3 43. Rd1 Rg8 44. Nh4 Rh3 45. Rg7 Rh8 46. h7 Ka7 47. Rxc7 Rxh4 48. Rxd6 Rh2+ 49. Kg1 R2xh7 50. Rxh7 Rxh7 51. Bxe4 Re7 52. Bf3 Re3 53. Kf2 Nd3+ 54. Kg1 Nb4 55. Bh1 0-1

[Event "Heraklion Tal Memorial 1st"]
[Site "Heraklion"]
[Date "2019.05.03"]
[Round "5"]
[White "Kozhuharov, Spas"]
[Black "Milonakis, Georgios"]
[Result "1-0"]
[WhiteElo "2434"]
[BlackElo "2285"]
[PlyCount "115"]
[EventDate "2019.04.29"]
[EventType "tourn"]
[EventRounds "9"]
[EventCountry "GRE"]
[EventCategory "1"]
[SourceTitle "CBM 190 Extra"]
[Source "ChessBase"]
[SourceDate "2019.07.15"]
[SourceVersion "1"]
[SourceVersionDate "2019.07.15"]
[SourceQuality "1"]

1. d4 Nf6 2. Nf3 e6 3. c4 d5 4. Nc3 Be7 5. Bf4 0-0 6. e3 c5 7. dxc5 Bxc5 8. cxd5 Nxd5 9. Nxd5 exd5 10. a3 Nc6 11. Bd3 Be7 12. 0-0 Bf6 13. Qb3 Qe7 14. Rfd1 Rd8 15. Rac1 Be6 16. Qb5 Rac8 17. h3 g6 18. Bb1 h5 19. Ba2 g5 20. Bg3 g4 21. hxg4 hxg4 22. Ne1 d4 23. Bxe6 Qxe6 24. Qxb7 dxe3 25. Rxd8+ Bxd8 26. Nd3 Ne7 27. Rxc8 Nxc8 28. Nf4 exf2+ 29. Bxf2 Qf5 30. Qd5 Qb1+ 31. Kh2 Qh7+ 32. Nh5 Nd6 33. g3 Be7 34. Kg2 Qc2 35. Qe5 Qe4+ 36. Qxe4 Nxe4 37. Bxa7 f5 38. Bd4 Kf7 39. b4 Bd6 40. Bb2 Ke7 41. Bc1 Kd7 42. Bf4 Bf8 43. Kf1 Nd6 44. Ke2 Nc4 45. Bc1 Bd6 46. Kd3 Ne5+ 47. Kc3 Ng6 48. a4 Kc6 49. Be3 Kd5 50. b5 Ke4 51. Bd4 Kd5 52. a5 f4 53. gxf4 Bxf4 54. Nf6+ Kd6 55. a6 Kc7 56. Nd5+ Kc8 57. Nb6+ Kc7 58. a7 1-0